[Event "St.Petersburg Summer Open"]
[Site "St Petersburg RUS"]
[Date "2016.08.17"]
[Round "1.48"]
[White "Karpenko, Aleksey"]
[Black "Hurtado, Felipe"]
[Result "0-1"]
[WhiteElo "1641"]
[BlackElo "2132"]
[WhiteFideId "34107085"]
[BlackFideId "4405480"]
[EventDate "2016.08.17"]

1. e4 c6 2. d4 d5 3. Nc3 dxe4 4. Nxe4 Nd7 5. Nf3 Ngf6 6. Bd3 Nxe4 7. Bxe4 Nf6 8.
Bd3 Bg4 9. c3 e6 10. Bf4 Nd5 11. Bg3 Bd6 12. Qd2 Bxf3 13. gxf3 h5 14. O-O-O h4
15. Be5 Bxe5 16. dxe5 Qa5 17. Kb1 O-O-O 18. Qg5 g6 19. Bc2 Rh5 20. Qg4 Qb6 21.
Bb3 Qxf2 22. Bxd5 cxd5 23. Qb4 Rxe5 24. Rd4 Re2 25. Rhd1 Kb8 26. Qb3 Qxf3 27.
Rb4 d4 28. Rdxd4 Re1+ 29. Kc2 Qe2+ 0-1

[Event "St.Petersburg Summer Open"]
[Site "St Petersburg RUS"]
[Date "2016.08.17"]
[Round "1.49"]
[White "Mestnikov, Aisen"]
[Black "Lapin, Nikita"]
[Result "0-1"]
[WhiteTitle "FM"]
[WhiteElo "2126"]
[BlackElo "1641"]
[WhiteFideId "34130117"]
[BlackFideId "34164887"]
[EventDate "2016.08.17"]

1. d4 Nf6 2. Nf3 g6 3. c4 Bg7 4. Nc3 O-O 5. g3 d5 6. Bg2 Nc6 7. cxd5 Nxd5 8. e4
Nb6 9. d5 Ne5 10. Nd4 c5 11. dxc6 Nxc6 12. Nxc6 Bxc3+ 13. bxc3 Qxd1+ 14. Kxd1
bxc6 15. Kc2 Rd8 16. Bf4 Be6 17. Rhd1 Rxd1 18. Kxd1 Rd8+ 19. Kc2 Rd7 20. Bf1 Bc4
21. Bxc4 Nxc4 22. Rd1 Rxd1 23. Kxd1 Kg7 24. Kc2 Kf6 25. Bb8 a6 26. Bc7 Ke6 27.
Kb3 Nd2+ 28. Kb4 Nxe4 29. f3 c5+ 30. Kc4 Nd2+ 31. Kxc5 Nxf3 32. Kb6 Kd7 33. Kb7
e5 34. c4 e4 35. Ba5 e3 36. Bc3 e2 37. c5 Ne5 38. h4 f5 39. c6+ Nxc6 40. Kxa6
Ne5 41. Kb7 Nd3 42. a4 Nc5+ 0-1

[Event "St.Petersburg Summer Open"]
[Site "St Petersburg RUS"]
[Date "2016.08.17"]
[Round "1.50"]
[White "Smorodkin, Kirill"]
[Black "Svidinsky, Dmitry"]
[Result "0-1"]
[WhiteElo "1624"]
[BlackElo "2122"]
[WhiteFideId "44176678"]
[BlackFideId "24120251"]
[EventDate "2016.08.17"]

1. e4 c6 2. d4 d5 3. Nc3 dxe4 4. Nxe4 Bf5 5. Ng3 Bg6 6. h4 h6 7. Bc4 e6 8. N1e2
Nf6 9. Nf4 Bh7 10. O-O Bd6 11. Re1 O-O 12. c3 Qc7 13. Ngh5 Nbd7 14. Nxf6+ Nxf6
15. Qf3 Bf5 16. Nh5 Nxh5 17. Qxh5 Rad8 18. Be3 Qe7 19. Rad1 Bg6 20. Qg4 Bf5 21.
Qh5 Qf6 22. Bd3 Bxd3 23. Rxd3 Be7 24. g3 Rd5 25. Qg4 Rfd8 26. Bf4 h5 27. Qe2 Qg6
28. Rdd1 Bxh4 29. Kh2 Bf6 30. Qf3 Qg4 31. Qxg4 hxg4 32. Kg2 e5 33. Be3 exd4 34.
cxd4 c5 35. Rd3 cxd4 36. Bf4 Rc8 37. Re2 g5 38. Be3 Rcd8 39. Bd2 Re5 40. Rxe5
Bxe5 41. Bxg5 f6 42. Be3 Kf7 43. Bd2 Ke6 44. Kf1 Kd5 45. Ke2 Ke4 46. Bb4 Rc8 47.
Kd2 f5 48. Ra3 a6 49. Be7 f4 50. Bg5 fxg3 51. fxg3 Rh8 52. Bh4 Rf8 53. Rb3 b5
54. Ra3 Rf2+ 55. Ke1 Rxb2 56. Rxa6 d3 57. Re6 Kf5 58. Re8 Bc3+ 59. Kf1 d2 60.
Rf8+ Kg6 61. Rd8 Rb1+ 62. Ke2 Re1+ 0-1

[Event "St.Petersburg Summer Open"]
[Site "St Petersburg RUS"]
[Date "2016.08.17"]
[Round "1.51"]
[White "Tretyakov, Stepan"]
[Black "Turetsky, Mark"]
[Result "1-0"]
[WhiteElo "2122"]
[BlackElo "1622"]
[WhiteFideId "24198820"]
[BlackFideId "24121851"]
[EventDate "2016.08.17"]

1. d4 d5 2. c4 e6 3. Nc3 Nf6 4. cxd5 exd5 5. Bg5 Be7 6. e3 h6 7. Bh4 c6 8. Bd3
O-O 9. Qc2 Ne8 10. Bxe7 Qxe7 11. Nf3 Nd7 12. O-O Nd6 13. b4 a6 14. a4 Nf6 15. b5
axb5 16. axb5 Bd7 17. bxc6 bxc6 18. Ne5 Rfb8 19. Na4 Qe8 20. Nxd7 Nxd7 21. Qxc6
Qe6 22. Nc5 1-0

[Event "St.Petersburg Summer Open"]
[Site "St Petersburg RUS"]
[Date "2016.08.17"]
[Round "1.52"]
[White "Bobolev, Stanislav"]
[Black "Ustinov, Alexey"]
[Result "0-1"]
[WhiteElo "1604"]
[BlackElo "2117"]
[WhiteFideId "24282855"]
[BlackFideId "24126209"]
[EventDate "2016.08.17"]

1. e4 d5 2. exd5 Qxd5 3. Nc3 Qa5 4. d4 Nf6 5. Bc4 Bg4 6. f3 Bh5 7. Ne2 Nc6 8.
Bd2 Qb4 9. Bb5 O-O-O 10. Bxc6 bxc6 11. O-O e6 12. Ne4 Qxb2 13. Bc3 Qb5 14. Rb1
Qa6 15. Qd3 Qxd3 16. cxd3 Nd5 17. Rfc1 Be7 18. Ba5 Kd7 19. Rb7 Ra8 20. Nf4 Nxf4
21. Rxc7+ Ke8 22. R1xc6 Nd5 23. Rc8+ Kd7 24. Rxh8 Rxh8 25. Ra6 Ra8 26. Nc5+ Bxc5
27. dxc5 Bg6 28. c6+ Kc8 29. c7 Kb7 30. Rd6 Nxc7 31. Rd7 Rc8 32. d4 Kc6 0-1

[Event "St.Petersburg Summer Open"]
[Site "St Petersburg RUS"]
[Date "2016.08.17"]
[Round "1.53"]
[White "Markelova, Lubov"]
[Black "Radosevic, Nevena"]
[Result "1-0"]
[WhiteTitle "WFM"]
[WhiteElo "2108"]
[BlackElo "1589"]
[WhiteFideId "24131369"]
[BlackFideId "900435"]
[EventDate "2016.08.17"]

1. Nf3 d5 2. d4 e6 3. c4 Nf6 4. Nc3 Be7 5. Bg5 O-O 6. e3 h6 7. Bh4 Nbd7 8. cxd5
exd5 9. Bd3 Re8 10. Qc2 c6 11. O-O-O Nb6 12. Ne5 Ng4 13. Bg3 Bd6 14. Bh7+ Kf8
15. Nxf7 Kxf7 16. Qg6+ Kf8 17. Bxd6+ Re7 18. e4 Nc4 19. Bxe7+ Qxe7 20. e5 Qb4
21. Qc2 Ke7 22. h3 Nge3 23. fxe3 Nxe3 24. Qg6 Nxd1 25. Qxg7+ Kd8 26. Rxd1 1-0

[Event "St.Petersburg Summer Open"]
[Site "St Petersburg RUS"]
[Date "2016.08.17"]
[Round "1.54"]
[White "Zvereva, Svetlana"]
[Black "Remizov, Yaroslav"]
[Result "0-1"]
[WhiteElo "1579"]
[BlackElo "2104"]
[WhiteFideId "24121282"]
[BlackFideId "34134015"]
[EventDate "2016.08.17"]

1. e4 d6 2. d4 Nf6 3. Nc3 Nbd7 4. f4 e5 5. dxe5 dxe5 6. fxe5 Nxe5 7. Qxd8+ Kxd8
8. Nf3 Bd6 9. h3 Be6 10. Ng5 Ke7 11. Nxe6 fxe6 12. Be3 a6 13. O-O-O b5 14. a3 c5
15. Bf4 b4 16. Bxe5 Bxe5 17. axb4 cxb4 18. Na2 Nxe4 19. Re1 Bf4+ 20. Kb1 Ng3 21.
Rg1 Bd2 22. Re5 Kf6 23. Ra5 Be3 24. Nxb4 Bxg1 25. Bxa6 Rhd8 26. Ra3 Bc5 27. Rf3+
Nf5 28. Nc6 Rd1+ 29. Ka2 Rxa6+ 30. Kb3 Rxc6 31. g4 Re1 32. gxf5 Re3+ 0-1

[Event "St.Petersburg Summer Open"]
[Site "St Petersburg RUS"]
[Date "2016.08.17"]
[Round "1.55"]
[White "Kamnev, Alexander"]
[Black "Smirnov, Dmitrii"]
[Result "1-0"]
[WhiteElo "2101"]
[BlackElo "1569"]
[WhiteFideId "24176753"]
[BlackFideId "34191868"]
[EventDate "2016.08.17"]

1. e4 c5 2. Nf3 d6 3. d4 cxd4 4. Nxd4 Nf6 5. Nc3 Nc6 6. Bg5 e6 7. Qd2 Be7 8.
O-O-O a6 9. f4 Qb6 10. Nf3 O-O 11. Bd3 Nb4 12. e5 dxe5 13. fxe5 Nfd5 14. Nxd5
Nxd5 15. Bxe7 Nxe7 16. Qg5 Nf5 17. Rhe1 Qc7 18. g4 Nh6 19. Qh5 f5 20. exf6 Qf4+
21. Nd2 Qxg4 22. Qxg4 Nxg4 23. fxg7 Rf7 24. Rg1 Rxg7 25. Ne4 Ne5 26. Rxg7+ Kxg7
27. Rg1+ Kf8 28. Nf6 Nxd3+ 29. cxd3 h6 30. Ng4 Kg7 31. Ne5+ Kh7 32. Kd2 b6 33.
Rc1 Kg7 34. Rc7+ Kf6 35. Nc4 b5 36. Nb6 Rb8 37. Nxc8 1-0

[Event "St.Petersburg Summer Open"]
[Site "St Petersburg RUS"]
[Date "2016.08.17"]
[Round "1.56"]
[White "Bezobrazov, Lev"]
[Black "Nikitinyh, Boris"]
[Result "0-1"]
[WhiteElo "1528"]
[BlackElo "2099"]
[WhiteFideId "4152409"]
[BlackFideId "4198328"]
[EventDate "2016.08.17"]

1. Nf3 Nf6 2. g3 g6 3. b3 Bg7 4. Bb2 O-O 5. Bg2 d6 6. d4 Nc6 7. O-O e5 8. dxe5
Ng4 9. Nbd2 Ngxe5 10. Qc1 Re8 11. Nxe5 Nxe5 12. c4 c6 13. Nf3 Nxf3+ 14. Bxf3 Bh3
15. Rd1 Qe7 16. Bxg7 Kxg7 17. Qf4 g5 18. Qd4+ Qe5 19. Qxe5+ dxe5 20. Bg2 Bxg2
21. Kxg2 Rad8 22. g4 Rd4 23. Rxd4 exd4 24. Kf3 h5 25. Re1 hxg4+ 26. Kxg4 Kg6 27.
e3 f5+ 28. Kf3 g4+ 29. Kg3 Re4 30. Rd1 dxe3 31. fxe3 Rxe3+ 32. Kf4 Re4+ 33. Kg3
Kf6 34. Rd3 b5 35. cxb5 cxb5 36. Rd5 a6 37. Rd6+ Re6 38. Rd4 Kg5 39. Rd5 Re2 40.
h4+ gxh3 41. Kxh3 Rxa2 0-1

[Event "St.Petersburg Summer Open"]
[Site "St Petersburg RUS"]
[Date "2016.08.17"]
[Round "1.57"]
[White "Filyanin, Daniil"]
[Black "Kapitsa, Artem"]
[Result "1-0"]
[WhiteElo "2098"]
[BlackElo "1402"]
[WhiteFideId "24177300"]
[BlackFideId "44188056"]
[EventDate "2016.08.17"]

1. e4 Nf6 2. e5 Nd5 3. d4 e6 4. c4 Nb6 5. Nc3 d5 6. exd6 cxd6 7. Nf3 d5 8. c5
N6d7 9. Bf4 Nc6 10. Bd3 g6 11. Nb5 e5 12. Qe2 Bg7 13. Nd6+ Kf8 14. dxe5 Nxc5 15.
O-O Nxd3 16. Qxd3 Nxe5 17. Qxd5 Be6 18. Qe4 Nxf3+ 19. Qxf3 b6 20. Rad1 Bxb2 21.
Nc4 Bd4 22. Rxd4 Qxd4 23. Qxa8+ Kg7 24. Qxh8+ 1-0

[Event "St.Petersburg Summer Open"]
[Site "St Petersburg RUS"]
[Date "2016.08.17"]
[Round "1.58"]
[White "Biyachuev, Minkail"]
[Black "Babanin, Gleb"]
[Result "0-1"]
[WhiteElo "1400"]
[BlackElo "2082"]
[WhiteFideId "34120065"]
[BlackFideId "34152536"]
[EventDate "2016.08.17"]

1. e4 c5 2. Nf3 d6 3. c3 Nf6 4. e5 dxe5 5. Nxe5 e6 6. d4 cxd4 7. Qxd4 Qxd4 8.
cxd4 Nbd7 9. Bb5 a6 10. Ba4 b5 11. Bb3 Bb4+ 12. Bd2 Bxd2+ 13. Nxd2 Bb7 14. O-O
O-O 15. f4 Rfd8 16. Rad1 Nf8 17. Ndf3 Bd5 18. Bxd5 Nxd5 19. Ne1 Ne3 20. N1f3
Nxd1 21. Rxd1 Rac8 22. Rd2 Ng6 23. g3 Nxe5 24. fxe5 Rc1+ 25. Kf2 Rdc8 26. Ne1
Kf8 27. Ke2 Ra1 28. a3 Rcc1 29. Nf3 a5 30. d5 exd5 31. Rxd5 Rc2+ 32. Rd2 Rxd2+
33. Kxd2 Rf1 34. Nd4 Rf2+ 35. Kc3 b4+ 36. axb4 axb4+ 37. Kxb4 Rxb2+ 38. Kc3 Rxh2
39. Kd3 Rg2 40. Ne2 Ke7 41. Ke3 Rxe2+ 42. Kxe2 Ke6 43. Kf3 Kxe5 44. Kg4 Ke4 45.
Kg5 f5 46. Kh4 Kf3 47. Kh3 g5 48. g4 fxg4+ 49. Kh2 g3+ 50. Kg1 g2 0-1

[Event "St.Petersburg Summer Open"]
[Site "St Petersburg RUS"]
[Date "2016.08.17"]
[Round "1.59"]
[White "Shadrin, Anton"]
[Black "Corrente, Roberto"]
[Result "1-0"]
[WhiteElo "2066"]
[BlackElo "1242"]
[WhiteFideId "4158881"]
[BlackFideId "36018562"]
[EventDate "2016.08.17"]

1. e4 c5 2. Nc3 e6 3. Nf3 Nc6 4. Bb5 Nf6 5. O-O Be7 6. d4 cxd4 7. Nxd4 Nxd4 8.
Qxd4 Qc7 9. e5 Bc5 10. Qf4 Nh5 11. Qg5 g6 12. g4 Ng7 13. Qf6 Rg8 14. Bg5 a6 15.
Ne4 axb5 16. Nd6+ Bxd6 17. exd6 Nf5 18. gxf5 Kf8 19. Bh6+ Rg7 20. Qxg7+ Ke8 21.
Qf8# 1-0

[Event "St.Petersburg Summer Open"]
[Site "St Petersburg RUS"]
[Date "2016.08.17"]
[Round "1.60"]
[White "Nordquelle, Amelia"]
[Black "Kozyrin, Aleksandr"]
[Result "0-1"]
[WhiteElo "1153"]
[BlackElo "2058"]
[WhiteFideId "1531646"]
[BlackFideId "34147800"]
[EventDate "2016.08.17"]

1. d4 d5 2. c4 c6 3. e3 Nf6 4. Nc3 e6 5. Nf3 Nbd7 6. Bd2 Bd6 7. Be2 O-O 8. O-O
Qe7 9. Bd3 dxc4 10. Bxc4 e5 11. Ne1 e4 12. Qc2 Nb6 13. Be2 Bf5 14. Qd1 Nbd5 15.
Bc4 Bxh2+ 16. Kxh2 Ng4+ 17. Kg3 Qd6+ 18. f4 Nxc3 19. bxc3 Qh6 20. Qxg4 Bxg4 21.
Kxg4 Kh8 22. Kg3 g5 23. Kf2 Qh4+ 24. Ke2 Qg4+ 25. Kf2 b5 26. Bb3 gxf4 27. exf4
Rg8 28. Bxf7 Rg7 29. Bb3 e3+ 30. Bxe3 Re8 31. Rg1 Qg3+ 0-1

[Event "St.Petersburg Summer Open"]
[Site "St Petersburg RUS"]
[Date "2016.08.18"]
[Round "2.9"]
[White "Azimov, Ilyas"]
[Black "Apryshko, Gleb"]
[Result "1-0"]
[BlackTitle "FM"]
[WhiteElo "2136"]
[BlackElo "2335"]
[WhiteFideId "24175226"]
[BlackFideId "24131792"]
[EventDate "2016.08.17"]

1. e4 e6 2. d4 d5 3. Nc3 Nf6 4. Bg5 Bb4 5. e5 h6 6. Bc1 Ne4 7. Qg4 Kf8 8. Ne2 c5
9. a3 Ba5 10. dxc5 Nc6 11. b4 Nxe5 12. Qh3 Bc7 13. Nxe4 dxe4 14. Nc3 Qf6 15. Bb2
Bd7 16. Be2 Ng6 17. O-O-O Nf4 18. Nxe4 Qg6 19. Qe3 Nxg2 20. Qd4 Bf4+ 21. Kb1 Bc6
22. f3 e5 23. Qc3 Qh5 24. Ng3 Qh3 25. b5 Be8 26. c6 bxc6 27. bxc6 Ne3 28. Rd3
Bxg3 29. Rxe3 Bf4 30. Re4 Qf5 31. Rd1 Kg8 32. Ba6 Kh7 33. Bb7 Bxc6 34. Bxc6 Rhd8
35. Ree1 Qh3 36. Bxa8 Rxa8 37. Qd3+ g6 38. Qd7 1-0

[Event "St.Petersburg Summer Open"]
[Site "St Petersburg RUS"]
[Date "2016.08.18"]
[Round "2.56"]
[White "Smirnov, Dmitrii"]
[Black "Sanarov, Leonid"]
[Result "1/2-1/2"]
[WhiteElo "1569"]
[BlackElo "1856"]
[WhiteFideId "34191868"]
[BlackFideId "34132993"]
[EventDate "2016.08.17"]

1. e4 c6 2. d4 d5 3. exd5 cxd5 4. Bd3 Nc6 5. c3 Nf6 6. Bf4 Bg4 7. Nf3 e6 8. Nbd2
Be7 9. Qc2 O-O 10. h3 Bh5 11. Ne5 Rc8 12. Qb1 a6 13. Ndf3 Bg6 14. Nxg6 hxg6 15.
h4 Nh5 16. Bg5 Bxg5 17. hxg5 Nf4 18. Rh2 e5 19. dxe5 Nxe5 20. Nxe5 Qe7 21. Kd2
Qxe5 22. Qh1 Nh5 23. Rxh5 gxh5 24. Bh7+ Kxh7 25. Qxh5+ Kg8 26. Rh1 Qf4+ 27. Kd1
f5 28. Rh4 Qxh4 29. Qxh4 g6 30. Qd4 Rf7 31. Qxd5 Rc7 32. Kc2 Rd7 33. Qe6 Kh7 34.
Qc4 Rfe7 35. f3 Rc7 36. Qd3 Rcd7 37. Qc4 Rc7 38. Qd3 Rcd7 39. Qc4 b5 40. Qh4+
Kg8 41. Qf2 Rd6 42. Kb3 Rde6 43. Qd4 Re2 44. g3 R2e3 45. a3 Kh7 46. Qh4+ Kg8 47.
Qd4 Kh7 48. Qh4+ Kg8 49. Qd4 R7e6 50. Qd8+ Kh7 51. Qf8 1/2-1/2

[Event "St.Petersburg Summer Open"]
[Site "St Petersburg RUS"]
[Date "2016.08.19"]
[Round "3.18"]
[White "Kuzmin, Egor"]
[Black "Remizov, Yaroslav"]
[Result "1-0"]
[WhiteTitle "FM"]
[WhiteElo "2266"]
[BlackElo "2104"]
[WhiteFideId "24101737"]
[BlackFideId "34134015"]
[EventDate "2016.08.17"]

1. Nf3 d5 2. g3 Bg4 3. Bg2 Nd7 4. c4 c6 5. d3 e5 6. cxd5 cxd5 7. Qa4 Bxf3 8.
Bxf3 Nf6 9. Nc3 d4 10. Nd5 Nxd5 11. Bxd5 Rb8 12. Qb3 Qf6 13. O-O Be7 14. f4 e4
15. dxe4 O-O 16. e5 Qa6 17. e6 Nc5 18. exf7+ Kh8 19. Qf3 Qb6 20. Kh1 Rbd8 21.
Rd1 Bf6 22. e4 Na4 23. Qb3 Qa6 24. Bd2 Nc5 25. Qf3 Qd3 26. Qxd3 Nxd3 27. Rf1
Rxd5 28. exd5 Rxf7 29. b4 Re7 30. Rf3 Nb2 31. Re1 Rxe1+ 32. Bxe1 Kg8 33. Rb3 d3
34. Bd2 Kf7 35. Kg2 Ke7 36. Bc1 Nd1 37. Rxd3 Nc3 38. Bb2 Nxa2 39. Bxf6+ gxf6 40.
Ra3 Nxb4 41. Rxa7 Nxd5 42. Rxb7+ Ke6 43. Rxh7 Nb4 44. h4 1-0

[Event "St.Petersburg Summer Open"]
[Site "St Petersburg RUS"]
[Date "2016.08.20"]
[Round "4.1"]
[White "Sichinava, Zviad"]
[Black "Usmanov, Vasily"]
[Result "1/2-1/2"]
[BlackTitle "IM"]
[WhiteElo "2298"]
[BlackElo "2423"]
[WhiteFideId "24111716"]
[BlackFideId "4135741"]
[EventDate "2016.08.17"]

1. d4 e6 2. c4 d5 3. Nf3 Nf6 4. g3 Be7 5. Bg2 O-O 6. O-O dxc4 7. Qa4 a6 8. Qxc4
b5 9. Qc2 Bb7 10. Bd2 Be4 11. Qc1 Bb7 12. Qc2 Be4 1/2-1/2

[Event "St.Petersburg Summer Open"]
[Site "St Petersburg RUS"]
[Date "2016.08.20"]
[Round "4.2"]
[White "Orlov, Oleg"]
[Black "Pasiev, Rakhim"]
[Result "1-0"]
[WhiteTitle "FM"]
[BlackTitle "IM"]
[WhiteElo "2289"]
[BlackElo "2407"]
[WhiteFideId "4166612"]
[BlackFideId "24122475"]
[EventDate "2016.08.17"]

1. Nf3 c5 2. c4 Nc6 3. Nc3 Nf6 4. g3 d6 5. Bg2 g6 6. a3 Bg7 7. Rb1 Bd7 8. b4
cxb4 9. axb4 Qc8 10. h3 O-O 11. d3 h6 12. Bd2 e5 13. Qc1 Kh7 14. b5 Ne7 15. Qa3
Qc7 16. Nxe5 Bxh3 17. Nxg6 fxg6 18. Rxh3 Nf5 19. Qc1 Rae8 20. Ne4 Qe7 21. Bf3
Ng8 22. Bc3 Nd4 23. Bxd4 Bxd4 24. Kf1 Kg7 25. Kg2 Qe6 26. Rh4 Re7 27. Qd2 Bf6
28. Rf4 Rd8 29. Rh1 g5 30. Bg4 Qe5 31. Rf5 Qb2 32. Qe3 b6 33. f4 gxf4 34. Qxf4
Be5 35. Qe3 Qd4 36. Qxd4 Bxd4 37. Rd5 Bc5 38. Bf3 Re6 39. Ra1 Ne7 40. Rxa7 Kf8
41. Nxc5 bxc5 42. Rh5 Rb8 43. Rh4 1-0

[Event "St.Petersburg Summer Open"]
[Site "St Petersburg RUS"]
[Date "2016.08.20"]
[Round "4.3"]
[White "Karasev, Vladimir I"]
[Black "Markevich, Ilya"]
[Result "1/2-1/2"]
[WhiteTitle "IM"]
[WhiteElo "2367"]
[BlackElo "2195"]
[WhiteFideId "4103971"]
[BlackFideId "24114839"]
[EventDate "2016.08.17"]

1. e4 c5 2. Nc3 Nc6 3. d3 d6 4. Be3 Nf6 5. Nge2 e5 6. Nd5 Nxd5 7. exd5 Nd4 8. c3
Nf5 9. Bc1 g6 10. g3 Bg7 11. Bg2 Bd7 12. a4 O-O 13. O-O a6 14. a5 b6 15. axb6
Qxb6 16. Kh1 h6 17. Ng1 Kh7 18. Nf3 Ne7 19. Nd2 Bb5 20. Nc4 Bxc4 21. dxc4 f5 22.
Re1 Ng8 23. Qa4 Nf6 24. Qc6 Rfb8 25. Kg1 Ng8 26. Ra4 a5 27. Qxb6 Rxb6 28. Re2
Rb3 29. Rc2 Nf6 30. Bf3 Nd7 31. Bd1 Nb6 32. Re2 Nxa4 33. Bxb3 Nb6 34. Kf1 Rb8
35. Ba2 Nd7 36. Ke1 e4 37. Bf4 Be5 38. Bc1 Bg7 39. Bf4 1/2-1/2

[Event "St.Petersburg Summer Open"]
[Site "St Petersburg RUS"]
[Date "2016.08.20"]
[Round "4.4"]
[White "Fraiman, Dmitry"]
[Black "Pershin, Denis"]
[Result "1/2-1/2"]
[WhiteElo "2241"]
[BlackElo "2325"]
[WhiteFideId "34100641"]
[BlackFideId "24165506"]
[EventDate "2016.08.17"]

1. e4 e6 2. d4 d5 3. e5 c5 4. c3 Qb6 5. Nf3 Nc6 6. a3 Nh6 7. b4 cxd4 8. cxd4 Nf5
9. Bb2 Bd7 10. g4 Nfe7 11. Nc3 Ng6 12. Na4 Qd8 13. Nc5 Bxc5 14. dxc5 a6 15. Qd2
Qc7 16. Qe3 d4 17. Bxd4 Nxd4 18. Qxd4 Bc6 19. Be2 Rd8 20. Qe3 Nxe5 21. Qxe5 Qxe5
22. Nxe5 Bxh1 23. f3 h5 24. Kf2 Bxf3 25. Bxf3 hxg4 26. Nxg4 f5 27. Ne5 Rxh2+ 28.
Kg1 Rc2 29. Bxb7 a5 30. bxa5 Rxc5 31. Nc6 Rd6 32. a6 Rcxc6 33. a7 Ra6 34. a8=Q+
Rxa8 35. Bxa8 Ra6 36. Bf3 g5 37. a4 Ra5 38. Bc6+ Ke7 39. Bb5 Kf6 40. Kf2 g4 41.
Ke3 e5 42. Ra3 Kg5 43. Ra1 Kf6 44. Ra3 Kg5 45. Ra1 1/2-1/2

[Event "St.Petersburg Summer Open"]
[Site "St Petersburg RUS"]
[Date "2016.08.20"]
[Round "4.5"]
[White "Kukhmazov, Arsen"]
[Black "Grigoriev, Semyon"]
[Result "1/2-1/2"]
[WhiteTitle "IM"]
[WhiteElo "2399"]
[BlackElo "2132"]
[WhiteFideId "24108260"]
[BlackFideId "24111694"]
[EventDate "2016.08.17"]

1. d4 d5 2. c4 c6 3. Nc3 e5 4. e3 exd4 5. exd4 Nf6 6. Nf3 Bf5 7. Qb3 Qb6 8. c5
Qc7 9. Bf4 Qc8 10. Be2 Be7 11. O-O O-O 12. Qd1 Nbd7 13. b4 Ne4 14. Nxe4 dxe4 15.
Nd2 Nf6 16. Nc4 Rd8 17. Bd6 Qe6 18. Bxe7 Qxe7 19. Nd6 Be6 20. Re1 b5 21. Bf1 a5
22. a3 axb4 23. axb4 Nd5 24. Nxe4 Rxa1 25. Qxa1 Nxb4 26. Qb2 Nd5 27. Nd6 h6 28.
g3 Ra8 29. f4 Qf6 30. Bg2 g6 31. Ra1 Qd8 32. Be4 Ra4 33. f5 gxf5 34. Bxf5 Qg5
35. Rxa4 Qe3+ 36. Kg2 Bxf5 37. Ra8+ Kh7 38. Nxf5 Qe4+ 39. Kg1 Qe1+ 40. Kg2 Qe4+
41. Kg1 Qe1+ 42. Kg2 Qe4+ 1/2-1/2

[Event "St.Petersburg Summer Open"]
[Site "St Petersburg RUS"]
[Date "2016.08.20"]
[Round "4.6"]
[White "Puraev, Artemiy"]
[Black "Triapishko, Olexandr"]
[Result "0-1"]
[WhiteElo "2179"]
[BlackElo "2466"]
[WhiteFideId "24147869"]
[BlackFideId "14122286"]
[EventDate "2016.08.17"]

1. Nf3 d5 2. d4 c6 3. e3 e6 4. Bd3 f5 5. Nbd2 Bd6 6. b3 Nf6 7. Bb2 O-O 8. Ne5
Bd7 9. c4 Ne4 10. O-O Be8 11. Bxe4 fxe4 12. f4 a5 13. Nb1 Na6 14. Nc3 Qe7 15. a3
Rd8 16. c5 Bxe5 17. fxe5 Rxf1+ 18. Qxf1 Bh5 19. Qe1 Rf8 20. Na4 Nc7 21. Bc3 Qg5
22. Bxa5 Bf3 23. Ra2 Nb5 24. Bb4 Bd1 25. Rb2 h5 26. Qg3 Qh6 27. h4 Bf3 28. Qg5
Qxg5 29. hxg5 Bd1 30. Nb6 Kh7 31. a4 Na7 32. Be1 Nc8 33. Nd7 Rd8 34. Nf6+ Kg6
35. Ba5 Rh8 36. Rb1 Bc2 37. Rb2 Bd3 38. Nd7 Ne7 39. b4 Nf5 40. Kf2 h4 41. b5 Ra8
42. bxc6 bxc6 43. Be1 Rxa4 44. Nb8 Ng3 45. Nxc6 Ra1 46. Nd8 Nh1+ 47. Kg1 Rxe1+
48. Kh2 Ng3 49. Kh3 Kh5 0-1

[Event "St.Petersburg Summer Open"]
[Site "St Petersburg RUS"]
[Date "2016.08.20"]
[Round "4.8"]
[White "Melnikov, Dmitry"]
[Black "Lamorelle, Julien"]
[Result "1-0"]
[WhiteTitle "FM"]
[BlackTitle "FM"]
[WhiteElo "2262"]
[BlackElo "2376"]
[WhiteFideId "4146468"]
[BlackFideId "616010"]
[EventDate "2016.08.17"]

1. e4 d5 2. exd5 Qxd5 3. Nc3 Qa5 4. Nf3 Nf6 5. d4 Bg4 6. h3 Bh5 7. g4 Bg6 8. Ne5
e6 9. Bg2 Be4 10. f3 Bc6 11. O-O Bd6 12. Nc4 Qa6 13. Nxd6+ cxd6 14. Bf4 Ke7 15.
Qd2 Rd8 16. Ne4 Qb6 17. c4 Bxe4 18. fxe4 e5 19. Be3 h6 20. Qf2 Qc7 21. Bxh6 gxh6
22. Qxf6+ Ke8 23. Qh8+ Ke7 24. Rxf7+ Kxf7 25. Qh7+ 1-0

[Event "St.Petersburg Summer Open"]
[Site "St Petersburg RUS"]
[Date "2016.08.20"]
[Round "4.9"]
[White "Saveliev, Alexei"]
[Black "Kuzmin, Egor"]
[Result "1-0"]
[BlackTitle "FM"]
[WhiteElo "2339"]
[BlackElo "2266"]
[WhiteFideId "24128546"]
[BlackFideId "24101737"]
[EventDate "2016.08.17"]

1. e4 c5 2. Nf3 d6 3. d4 cxd4 4. Nxd4 Nf6 5. Nc3 Nc6 6. Bg5 Bd7 7. Qd2 Rc8 8.
O-O-O Nxd4 9. Qxd4 Qa5 10. f4 h6 11. Bxf6 gxf6 12. Kb1 Qc5 13. Qd3 Bg7 14. Nd5
Ba4 15. Rd2 Kf8 16. Be2 h5 17. Rc1 a6 18. b4 Qc6 19. c4 a5 20. bxa5 Qe8 21. c5
Bh6 22. Rb2 dxc5 23. Rxb7 Rb8 24. a6 Bc6 25. Rxb8 Qxb8+ 26. Qb3 Kg7 27. Rxc5 Qd6
28. Rxc6 Qxc6 29. Qb6 Qa4 30. Nc3 Qa3 31. Qb3 Qxb3+ 32. axb3 Bxf4 33. b4 Bxh2
34. b5 Bg1 35. Na4 Rb8 36. Kc2 h4 37. Kb3 f5 38. e5 f4 39. Kb4 Bf2 40. Nc5 Be1+
41. Ka4 Bf2 42. Kb4 Be1+ 43. Ka4 Bf2 44. Nd3 Be3 45. Nb4 Bb6 46. Nd5 Ba7 47. Ka5
Bf2 48. b6 e6 49. a7 Ra8 50. Nxf4 Rxa7+ 51. bxa7 Bxa7 52. Kb5 Bb8 53. Nd3 Kg6
54. Bg4 Kg5 55. Bh3 f6 56. exf6 Kxf6 57. Kc4 Bg3 58. Nc5 Ke5 59. Kd3 Bf2 60.
Nxe6 Bb6 61. Ke2 Ke4 62. Ng7 Bd4 63. Nf5 Bf6 64. Ne3 Bd8 65. Nd1 Bb6 66. Nc3+
Kd4 67. Na4 Ba7 68. Kf3 Kc4 69. Nb2+ 1-0